000 00452nam a2200181Ia 4500
001 19152
005 20260306171723.0
008 260306s9999||||xx |||||||||||||| ||und||
041 _aESP
082 _a658.8
_bM32C
100 _aMayorga Gutiérrez, David, 1961-
_eAUT
245 0 _aCasos ganadores de los premios Effie 2001
260 _c2002
300 _a150 páginas :
_c21 cm.
650 _aGEN
654 _aCAN
942 _cLIB
_dJUS
_fJUS
_2ddc
_n
999 _c19152
_d19152